000 00305nam a2200109Ia 4500
008 210430s9999 xx 000 0 und d
082 _a297 R6271F
100 _aMuhammad Ilyas Atta Qadri Rizvi
_9129508
245 _aFezan-e-Ramzan /
_cMuhammad Ilyas Atta Qadri Rizvi
300 _a693p.
942 _cBK
_2ddc
999 _c565546
_d565546